Capitales difficiles - Statistiques

Statistiques générales
  • Ce quiz a été pris 882 fois
    203 depuis la dernière actualisation
  • Le résultat moyen est 18 sur 29
Statistiques - réponses
Pays Capitales % Correct
Azerbaïdjan Bakou
91%
Bangladesh Dacca
83%
Yémen Sanaa
76%
Sierra Leone Freetown
74%
Bénin Porto-Novo
74%
Bahreïn Manama
73%
Rwanda Kigali
71%
Maldives Malé
70%
Oman Mascate
70%
République centrafricaine Bangui
68%
Botswana Gaborone
68%
Kirghizistan Bichkek
67%
Niger Niamey
67%
Zimbabwe Harare
66%
Namibie Windhoek
66%
Lesotho Maseru
63%
Liberia Monrovia
62%
Malawi Lilongwé
61%
Ouganda Kampala
59%
Zambie Lusaka
59%
Burundi Gitega
56%
Brunei Bandar Seri Begawan
54%
Guinée équatoriale Malabo
53%
Samoa Apia
46%
Kiribati Tarawa
42%
Salomon Honiara
39%
Birmanie Naypyidaw
39%
Tonga Nuku'alofa
39%
Marshall Majuro
33%
Aucun quiz correspondant
Distribution des résultats
% des personnes avec chaque résultat
Percentile par nombre de réponses
Votre historique - résultats
Vous n’avez pas pris ce quiz depuis la dernière actualisation